00551nam a22002057a 450000500170000001000130001702000110003003500130004103700160005404000120007008200160008210000180009824500750011626000350019127000410022630000200026765000210028765000210030870000160032920170124110052.0 aA-878011 c140.00 aA-878011 bCen Lib/Ret aDPLbEN a657.42bRAT aRathnam, P.V. aRathnam's simplified costing adviser /cby P.V. Rathnam [and] P Lalita aAllahabad bKitab Mahal c1996 a22A, sarojni naidu marg bAllahabad  a778p.c20cm(Hb) aControl costing  aProcess costing  aLalitha, P.